Hamilton Lyrics Sort #17 - That Would Be Enough - Statistics

General Stats
  • This quiz has been taken 8 times
  • The average score is 26 of 42
Answer Stats
Hint Answer % Correct
Line 5 A month or so
80%
Line 6 Eliza, you should have told me
80%
Line 4 How long have you known?
80%
Line 8 I begged him to send you home
80%
Line 10 I'm not sorry
80%
Line 7 I wrote to the General a month ago (no)
80%
Line 1 Look around, look around [1]
80%
Line 40 And I could be enough
60%
Line 22 And if this child shares a fraction of your smile
60%
Line 41 And we could be enough
60%
Line 2 At how lucky we are to be alive right now
60%
Line 28 But I'm not afraid
60%
Line 12 But you deserve a chance to meet your son
60%
Line 25 I don't pretend to know
60%
Line 34 If I could grant you peace of mind
60%
Line 35 If you could let me inside your heart
60%
Line 11 I knew you'd fight until the war was won (the war's not done)
60%
Line 29 I know who I married
60%
Line 37 In the story they will write someday
60%
Line 16 I relish being your wife
60%
Line 21 Just stay alive, that would be enough
60%
Line 38 Let this moment be the first chapter
60%
Line 3 Look around, look around [2]
60%
Line 17 Look around, look around [3]
60%
Line 18 Look at where you are
60%
Line 19 Look at where you started
60%
Line 24 Look out world, that would be enough
60%
Line 36 Oh, let me be a part of the narrative
60%
Line 23 Or a fragment of your mind
60%
Line 30 So long as you come home at the end of the day
60%
Line 31 That would be enough [1]
60%
Line 42 That would be enough [2]
60%
Line 26 The challenges you're facing
60%
Line 20 The fact that you're alive is a miracle
60%
Line 27 The worlds you keep erasing and creating in your mind
60%
Line 15 Unable to provide for your life?
60%
Line 32 We don't need a legacy
60%
Line 33 We don't need money
60%
Line 39 Where you decide to stay
60%
Line 14 Will you relish being a poor man's wife
60%
Line 9 You should have told me
60%
Line 13 Look around, look around at how lucky we are to be alive right now
40%
No matching quizzes found
Score Distribution
Percent of People with Each Score
Percentile by Number Answered
Your Score History
You have not taken this quiz